Il diritto della chiesa: interpretazione e prassi

Salvato in:
Dettagli Bibliografici
Natura: Libro
Lingua:italiano
Pubblicazione: Ciudad del Vaticano Librería Editrice Vaticana 1996
Serie:Studi Giuridici, XLI
Soggetti:
Tags: Aggiungi Tag
Nessun Tag, puoi essere il primo ad aggiungerne!!

MARC

LEADER 00000nam a2200000 a 4500
001 UCI1864
003 CL-VaPUC
005 20211221074218.0
008 070720e19960000vc 1 ita d
020 |a 8820921669 
082 0 4 |a 262.9  |b DIR  |2 21 
245 1 3 |a Il diritto della chiesa: interpretazione e prassi 
260 |a Ciudad del Vaticano  |b Librería Editrice Vaticana  |c 1996 
300 |a 211 p 
490 0 |a Studi Giuridici, XLI 
583 |a last modification  |c 20190828 09:37:06  |k Rodrigo Vera 
650 0 0 |a Derechos civiles  |9 255655 
650 0 7 |a DOCTRINA CRISTIANA  |2 CL-VaPUC  |9 339115 
650 0 7 |a DERECHO CANONICO  |2 CL-VaPUC  |9 621044 
650 0 0 |a Derecho eclesiástico  |9 255055 
650 0 0 |a Religión   |9 255164 
942 |c BK 
945 |a jtorresc  |d 20070720 00:00:00 
546 |a En Italiano 
536 |a Associazione Canonistica Italiana 
518 |p Congreso Nazionale di Diritto Canonico, 27, Napoli-Pozzuoli, 11 al 14 Settembre 1995 
999 |c 384281  |d 384279 
952 |0 0  |1 0  |4 0  |6 262_900000000000000_DIR_1996  |7 0  |8 A  |9 506914  |a BIBDER  |b BIBDER  |d 2020-01-23  |i 4358724  |o 262.9 DIR 1996  |p 4358724  |r 2023-01-25  |w 2020-01-23  |y BK  |k DER